Quiz Cat Goes Fishing - Statystyki

Ogólne statystyki
  • Ten quiz został rozwiązany 95 razy
  • Średni wynik to 10 z 25
Statystyki odpowiedzi
Cena Odpowiedź % Poprawnych
50$ Cuddlefish
86%
50$ Snobfish
70%
200$ Swooper
66%
350$ Kingfish
56%
400$ Roundfin
52%
64,000$ Yin
52%
64,000$ Yang
48%
100$ Bombat
42%
4,200$ Bulbfish
42%
900$ Galina
38%
12,000$ Red Skitter
38%
1,400$ Skitter
38%
9,800$ Pink Kisser
34%
800$ Puff
34%
4,800$ Tetra
32%
3,200$ Tangfin
30%
8,400$ Baby Sizzer
28%
13,000$ Celad
28%
100$ Skrimp
28%
40,000$ Clownfish
26%
12,000 Inno
26%
11,500$ Pennyfin
26%
2,800$ Tappy
26%
3,200$ trillow
24%
2,200$ Garder
18%
Nie znaleziono quizów pasujących do podanych kryteriów
Rozkład punktacji
Procent ludzi z każdym wynikiem
Percentyl według liczby udzielonych odpowiedzi
Twoja historia wyników
Nie rozwiązałeś tego quizu